Online Catalogue and eLibrary

Disposal of Public Records in Sri Lanka : (Record no. 2866)

MARC details
000 -LEADER
fixed length control field 00425nam a2200145Ia 4500
005 - DATE AND TIME OF LATEST TRANSACTION
control field 20250626021834.0
008 - FIXED-LENGTH DATA ELEMENTS--GENERAL INFORMATION
fixed length control field 240331s9999 xx 000 0 und d
082 ## - DDC Classification
Item Number - Author Mark DIS
Class No. 351
245 #0 - TITLE STATEMENT
Title Disposal of Public Records in Sri Lanka :
Remainder of title Souvenir
260 ## - PUBLICATION, DISTRIBUTION, ETC.
Place of publication, distribution, etc. Dehiwala
Name of publisher, distributor, etc. Sridevi
Date of publication, distribution, etc. 1993
300 ## - PHYSICAL DESCRIPTION
Extent (e.g. Volumes, Pages etc.) vi, 47 p .,
500 ## - GENERAL NOTE
General note Disposal of Public Records in Sri Lanka
700 ## - ADDED ENTRY--PERSONAL NAME
Personal name The Dept. of National Archives.
Relator term (Role) Editor
942 ## - Koha item type (Biblio)
Koha item type Books in Stacks (Lending)
Holdings
Lost status Damaged status Collection code Home library Current library Shelving location Date acquired Full call number Accession Number Item type
    Lending WERC Library WERC Library Social Science Cupboard 03/31/2024 351.7 DIS 3689 Books in Stacks (Lending)

© WERC Library